Guangzhou Baiyun Int. Airport Destinations (Guangzhou, China) - Statistics

General Stats
  • This quiz has been taken 134 times
    56 since last reset
  • The average score is 96 of 251
Answer Stats
Airline Destination % Correct
Ethiopian Airlines Addis Ababa
92%
Spring Airlines/Thai AirAsia/Thai Lion Air Bangkok (Don Mueang)
92%
China Eastern Airlines/China Southern Airlines/Kenya Airways/Shenzhen Airlines/Spring Airlines/Thai Airways International/Thai VietJet Air Bangkok (Suvarnabhumi)
92%
Air China/Hainan Airlines/Shenzhen Airlines Beijing (Capital)
88%
9 Air/Air China/China Eastern Airlines/China Southern Airlines/China United Airlines Beijing (Daxing)
88%
9 Air/China Southern Airlines/Shenzhen Airlines/VietJet Air/Vietnam Airlines Hanoi
88%
China Southern Airlines/Spring Airlines/VietJet Air/Vietnam Airlines Ho Chi Minh City
88%
Cathay Pacific Hong Kong
88%
China Southern Airlines/Garuda Indonesia/TransNusa Jakarta (Soekarno-Hatta)
88%
Cebu Pacific/China Southern Airlines Manila
88%
Air China/China Eastern Airlines/China Southern Airlines/Hainan Airlines/Juneyao Airlines/Shanghai Airlines/Shenzhen Airlines/Spring Airlines Shanghai (Hongqiao)
88%
9 Air/Air China/China Eastern Airlines/China Southern Airlines/Hainan Airlines/Spring Airlines Shanghai (Pudong)
88%
China Southern Airlines/Shandong Airlines/XiamenAir Xiamen
88%
Air China/Beijing Capital Airlines/Chengdu Airlines/China Eastern Airlines/China Southern Airlines/Hainan Airlines/Sichuan Airlines Chengdu (Shuangliu)
84%
9 Air/Air China/China Eastern Airlines/China Southern Airlines/Hainan Airlines/Shenzhen Airlines/Sichuan Airlines Chengdu (Tianfu)
84%
9 Air/Air China/Beijing Capital Airlines/China Eastern Airlines/China Southern Airlines/Chongqing Airlines/Hainan Airlines/Shenzhen Airlines/Sichuan Airlines/West Air/XiamenAir Chongqing
84%
China Southern Airlines/TransNusa Denpasar
84%
China Southern Airlines/Emirates Dubai (International)
84%
AirAsia/Batik Air Malaysia/China Southern Airlines/Malaysia Airlines Kuala Lumpur (International)
84%
Aeroflot/China Southern Airlines Moscow (Sheremetyevo)
84%
Conviasa Moscow (Vnukovo)
84%
9 Air/China Southern Airlines Osaka (Kansai)
84%
China Southern Airlines/Scoot/Singapore Airlines Singapore
84%
China Airlines/China Southern Airlines/EVA Air/Hainan Airlines Taipei (Taoyuan)
84%
All Nippon Airways/China Southern Airlines/Japan Airlines Tokyo (Haneda)
84%
China Southern Airlines Tokyo (Narita)
84%
9 Air/China Eastern Airlines/China Southern Airlines/Hainan Airlines/Shenzhen Airlines Xi'an
84%
Egyptair Cairo
80%
China Southern Airlines/Qatar Airways Doha
80%
China Southern Airlines San Francisco
80%
Asiana Airlines/China Southern Airlines/Korean Air Seoul (Incheon)
80%
Mahan Air Tehran (Imam Khomeini)
80%
9 Air/Air China/China Eastern Airlines/China Southern Airlines/Hainan Airlines/Urumqi Air Ürümqi
80%
China Southern Airlines Auckland
76%
9 Air/China Eastern Airlines/China Southern Airlines/Kunming Airways/Lucky Air/Shenzhen Airlines/Sichuan Airlines Kunming
76%
Kuwait Airways Kuwait City
76%
China Southern Airlines London (Gatwick)
76%
China Southern Airlines London (Heathrow)
76%
China Southern Airlines Los Angeles
76%
China Southern Airlines Melbourne
76%
Oman Air Muscat
76%
China Southern Airlines Rome (Fiumicino)
76%
China Southern Airlines Sydney
76%
Air China/China Southern Airlines/Hainan Airlines/Okay Airways/Tianjin Airlines/XiamenAir Tianjin
76%
9 Air/Air China/China Eastern Airlines/China Southern Airlines Wuhan
76%
Air Astana/China Southern Airlines Almaty
72%
China Southern Airlines/Spring Airlines/Thai Lion Air Chiang Mai
72%
SriLankan Airlines Colombo (Bandaranaike)
72%
Biman Bangladesh Airlines/China Southern Airlines/US-Bangla Airlines Dhaka
72%
China Southern Airlines/XiamenAir Fuzhou
72%
China Southern Airlines/Turkish Airlines Istanbul
72%
China Southern Airlines/Kenya Airlines Nairobi (Jomo Kenyatta)
72%
9 Air/China Eastern Airlines/China Southern Airlines/Hainan Airlines/Shenzhen Airlines Nanjing
72%
China Southern Airlines New York (JFK)
72%
China Southern Airlines Paris (Charles de Gaulle)
72%
9 Air/China Southern Airlines/Hainan Airlines/Spring Airlines Phuket
72%
China Southern Airlines Vancouver
72%
Iraqi Airways Baghdad
68%
Gulf Air Bahrain
68%
Vietnam Airlines Da Nang
68%
Air Tanzania Dar es Salaam
68%
China Southern Airlines Frankfurt
68%
Saudia Jeddah
68%
China Southern Airlines Nanning
68%
China Southern Airlines Perth
68%
9 Air/Beijing Capital Airlines/China Eastern Airlines/Shandong Airlines/Shenzhen Airlines | China Southern Airlines/Hainan Airlines/Shandong Airlines/Shenzhen Airlines Qingdao
68%
China Southern Airlines/Saudia Riyadh
68%
China Southern Airlines Surabaya
68%
China Southern Airlines/Myanmar Airways International Yangon
68%
9 Air/China Southern Airlines/Hainan Airlines/Loong Air/West Air/XiamenAir Zhengzhou
68%
China Southern Airlines Amsterdam
64%
China Southern Airlines Brisbane
64%
China Southern Airlines/Chongqing Airlines Dali
64%
Spring Airlines Fukuoka
64%
9 Air/China Southern Airlines/Hainan Airlines Haikou
64%
9 Air/Air China/Beijing Capital Airlines/China Eastern Airlines/China Southern Airlines/Hainan Airlines/Loong Air/Shanghai Airlines/Shenzhen Airlines/Sichuan Airlines/XiamenAir Hangzhou
64%
9 Air/Beijing Capital Airlines/China Eastern Airlines/China Southern Airlines/Hainan Airlines/Shenzhen Airlines/Sichuan Airlines Harbin
64%
Air Cambodia/Cambodia Airways/China Southern Airlines/Shenzhen Airlines/Spring Airlines Phnom Penh
64%
China Southern Airlines Toronto (Pearson)
64%
9 Air/China Southern Airlines/Lao Airlines Vientiane
64%
China Southern Airlines Adelaide
60%
Air Serbia/China Southern Airlines Belgrade
60%
China Southern Airlines Changsha
60%
Spring Airlines Jeju
60%
China Eastern Airlines/China Southern Airlines Lhasa
60%
9 Air/China Southern Airlines/Hainan Airlines Sanya
60%
9 Air/China Southern Airlines/Hainan Airlines/Shenzhen Airlines Dalian
56%
9 Air/China Eastern Airlines/China Southern Airlines/Hainan Airlines/Shenzhen Airlines Hefei
56%
China Southern Airlines Kathmandu
56%
9 Air/Air China/China Eastern Airlines/China Southern Airlines/Chongqing Airlines/Hainan Airlines/Shenzhen Airlines/Spring Airlines Ningbo
56%
9 Air/China Southern Airlines/Hainan Airlines/Shenzhen Airlines Shenyang
56%
China Southern Airlines Budapest
52%
China Southern Airlines Penang
52%
Centrum Air/China Southern Airlines/Qanot Sharq Tashkent
52%
9 Air/Air China/China Eastern Airlines/China Southern Airlines/China United Airlines/Chongqing Airlines/Shenzhen Airlines Wenzhou
52%
9 Air/Beijing Capital Airlines/China Eastern Airlines/China Southern Airlines/Loong Air/Shenzhen Airlines Changchun
44%
China Southern Airlines Guiyang
44%
China Southern Airlines Islamabad
44%
China Eastern Airlines/China Southern Airlines/Hainan Airlines/Shandong Airlines/Shenzhen Airlines Jinan
44%
China Southern Airlines Lahore
44%
China Southern Airlines Siem Reap
44%
China Southern Airlines Christchurch
40%
9 Air/Air China/Beijing Capital Airlines/China Southern Airlines/Hainan Airlines/Loong Air Hohhot
40%
9 Air/China Eastern Airlines/China Southern Airlines/Hainan Airlines/Loong Air/Spring Airlines Lanzhou
40%
Conviasa Caracas
36%
AirAsia/China Southern Airlines Kota Kinabalu
36%
China Eastern Airlines/China Southern Airlines/Shenzhen Airlines Nanchang
36%
China Eastern Airlines/China Southern Airlines/Hainan Airlines Taiyuan
36%
9 Air/China Eastern Airlines/China Southern Airlines/Shenzhen Airlines Wuxi
36%
Beijing Capital Airlines/China Eastern Airlines/China Southern Airlines/Chongqing Airlines/Hainan Airlines/Shenzhen Airlines/Sichuan Airlines/XiamenAir Yinchuan
36%
China Southern Airlines Baku
32%
S7 Airlines Irkutsk
32%
Beijing Capital Airlines/China Southern Airlines/Chongqing Airlines/Hebei Airlines/Spring Airlines Shijiazhuang
32%
China Southern Airlines Xining
32%
China Southern Airlines Baotou
28%
China Eastern Airlines/China Southern Airlines/Shenzhen Airlines Changzhou
28%
Sichuan Airlines Chiang Rai
28%
China Southern Airlines Port Moresby
28%
China Southern Airlines Qiqihar
28%
China Southern Airlines/Loong Air Xuzhou
28%
Spring Airlines Aksu
24%
China Southern Airlines Altay
24%
China Southern Airlines Anshan
24%
China Southern Airlines Beihai
24%
China Southern Airlines/Hainan Airlines Handan
24%
China Eastern Airlines/China Southern Airlines Huai'an
24%
AirAsia Johor Bahru
24%
China Southern Airlines/Loong Air Kashgar
24%
9 Air/China Southern Airlines Lianyungang
24%
Beijing Capital Airlines/China Eastern Airlines/China Southern Airlines/Chongqing Airlines Lijiang
24%
China Southern Airlines Luoyang
24%
Air China/China Southern Airlines/Sichuan Airlines Luzhou
24%
China Southern Airlines/Shenzhen Airlines Nantong
24%
Hainan Airlines/Sichuan Airlines Nha Trang
24%
Shenzhen Airlines/XiamenAir Quanzhou
24%
China Eastern Airlines/China Southern Airlines/Shenzhen Airlines Taizhou
24%
China Southern Airlines/Shenzhen Airlines Yangzhou
24%
China Southern Airlines/Shandong Airlines/Shenzhen Airlines Yantai
24%
China Southern Airlines Yiwu
24%
China Southern Airlines Dandong
20%
China Eastern Airlines Datong
20%
Spring Airlines Dunhuang
20%
China Southern Airlines Hami
20%
China Southern Airlines/Hainan Airlines Hotan
20%
China Southern Airlines Jieyang
20%
9 Air/China Southern Airlines/Shenzhen Airlines Linyi
20%
China Southern Airlines Mianyang
20%
China Southern Airlines Ordos
20%
9 Air/China Southern Airlines Turpan
20%
China Southern Airlines Wuhu
20%
9 Air/Air China/China Eastern Airlines/China Southern Airlines Xishuangbanna
20%
China Southern Airlines Zhanjiang
20%
China Southern Airlines Zunyi (Maotai)
20%
China Southern Airlines Zunyi (Xinzhou)
20%
China Southern Airlines Anqing
16%
9 Air Chifeng
16%
China Southern Airlines Daqing
16%
China Southern Airlines/Loong Air Enshi
16%
Loong Air Korla
16%
China Southern Airlines Longyan
16%
China Southern Airlines/TransNusa Manado
16%
China Southern Airlines Mudanjiang
16%
China Southern Airlines Nanyang
16%
China Southern Airlines Panzhihua
16%
China Southern Airlines Quzhou
16%
China Eastern Airlines Weihai
16%
Hainan Airlines Wuhai
16%
Shandong Airlines Wuyishan
16%
China Southern Airlines Xingyi
16%
China Southern Airlines Yancheng
16%
China Southern Airlines Yanji
16%
China Southern Airlines Yulin (Shaanxi)
16%
9 Air/China Southern Airlines Zhangjiajie
16%
China Southern Airlines Ankang
12%
Hainan Airlines Baise
12%
China Southern Airlines Bijie
12%
China Southern Airlines Changbaishan
12%
China Southern Airlines Fuyang
12%
Hainan Airlines Hanzhong
12%
China Southern Airlines Hechi
12%
China Southern Airlines Jiamusi
12%
China Southern Airlines Jining
12%
China Southern Airlines Jixi
12%
China Southern Airlines Linfen
12%
China Southern Airlines Liupanshui
12%
China Eastern Airlines Luliang
12%
China Southern Airlines Meizhou
12%
China Southern Airlines/Chongqing Airlines Nanchong
12%
Lao Airlines Pakse
12%
9 Air/Hainan Airlines Qinhuangdao
12%
China Southern Airlines Rizhao
12%
9 Air/China Southern Airlines Shangrao
12%
China Southern Airlines Shiyan
12%
Air China/China Southern Airlines Wanzhou
12%
China Southern Airlines Wenshan
12%
China Southern Airlines/Loong Air Xiangyang
12%
China Southern Airlines Xingtai
12%
China Southern Airlines Yan'an
12%
China Southern Airlines/Shenzhen Airlines/Sichuan Airlines Yibin
12%
China Southern Airlines Yichun (Heilongjiang)
12%
Hainan Airlines/Shenzhen Airlines Yichun (Jiangxi)
12%
9 Air Yingkou
12%
Air China/China Southern Airlines Yuncheng
12%
China Eastern Airlines Baoshan
8%
China Southern Airlines Changde
8%
China Southern Airlines Changzhi
8%
9 Air Chengde
8%
China Southern Airlines Chizhou
8%
Air China/China Southern Airlines Dazhou
8%
China Eastern Airlines Diqing
8%
Hainan Airlines Dongying
8%
Air China Guangyuan
8%
China Southern Airlines Guyuan
8%
Beijing Capital Airlines/Loong Air/Tianjin Airlines Hailar
8%
9 Air Jiayuguan
8%
China Southern Airlines Jinchang
8%
Shenzhen Airlines Jingdezhen
8%
China Southern Airlines/Hainan Airlines Jingzhou
8%
China Southern Airlines Karamay
8%
China Southern Airlines Libo
8%
China Southern Airlines Luxembourg
8%
China Eastern Airlines/China Southern Airlines/Chongqing Airlines Mangshi
8%
China Southern Airlines Nyingchi
8%
Hainan Airlines Qianjiang
8%
9 Air | 9 Air/Hainan Airlines Qionghai
8%
9 Air Songyuan
8%
China Southern Airlines Tengchong
8%
9 Air/Hainan Airlines Weifang
8%
China Southern Airlines Wushan
8%
9 Air/Hainan Airlines Xinzhou
8%
China Eastern Airlines/China Southern Airlines Yichang
8%
9 Air Zhangye
8%
China Southern Airlines Zhaotong
8%
China Southern Airlines Bayannur
4%
China Southern Airlines Bazhong
4%
China Southern Airlines Heze
4%
China Eastern Airlines Jinggangshan
4%
China Southern Airlines Langzhong
4%
China Southern Airlines Meixian
4%
Centrum Air Samarqand
4%
9 Air Shuozhou
4%
Sichuan Airlines Xichang
4%
Urumqi Air Yutian
4%
China Southern Airlines/Chongqing Airlines Shennongjia
0%
Air China Tonghua
0%
9 Air Tumxuk
0%
China Southern Airlines Ulanhot
0%
China Southern Airlines Ulanqab
0%
China Southern Airlines Xiangxi
0%
No matching quizzes found
Score Distribution
Percent of People with Each Score
Percentile by Number Answered
Your Score History
You have not taken this quiz since the last reset